000
00300nam a22001337a 4500
008
170907b xxu||||| |||| 00| 0 eng d
020
_a
354018998X
041
_a
eng
080
_a
72
100
_a
41
101
_a
NDI
245
_a
COMPUTER INTEGRATED MANUFACTURING
_c
SCHEER, A.W
942
_2
udc
_c
BK
999
_c
26547
_d
26547